| 000 | 00411nam a2200157Ia 4500 | ||
|---|---|---|---|
| 008 | 210716s2004 xx 000 0 und d | ||
| 020 | _a8170367204 | ||
| 041 | _aeng | ||
| 082 | _a153 DASJ | ||
| 100 | _aDas, J P. | ||
| 245 |
_aWorking mind: introduction to psychology. _bIntroduction to psychology. |
||
| 250 | _a1 | ||
| 260 |
_aNew Delhi _bSage Publications _c2004 |
||
| 300 | _a278 | ||
| 650 | _aPsychology | ||
| 999 |
_c207157 _d207157 |
||